[Event "Winnipeg op"]
[Site "Winnipeg"]
[Date "2015.07.06"]
[Round "6"]
[White "Korenbaum, Max"]
[Black "Mandusic, Ante"]
[Result "1/2-1/2"]
[WhiteElo "1350"]
[BlackElo "1250"]
[PlyCount "105"]
[EventDate "2015.06.02"]
[EventType "swiss"]
[EventRounds "9"]
[EventCountry "CAN"]
[SourceTitle "EXT 2019"]
[Source "ChessBase"]
[SourceDate "2018.10.10"]
[SourceVersion "1"]
[SourceVersionDate "2018.10.10"]
[SourceQuality "1"]

1. e4 Nc6 2. d4 e5 3. Nf3 d6 4. dxe5 g6 5. exd6 Bxd6 6. Bb5 Nge7 7. e5 Bc5 8. Qxd8+ Kxd8 9. b3 Bd4 10. Bxc6 Bxa1 11. c3 Nxc6 12. 0-0 Bf5 13. Bg5+ Ne7 14. Bd2 h5 15. Rd1 Bxb1 16. Rxb1 Bxc3 17. Bxc3 h4 18. Ng5 Rh5 19. Nh3 Nc6 20. Nf4 Rg5 21. Rd1+ Ke8 22. Nh3 Rd8 23. Rxd8+ Nxd8 24. Nxg5 b5 25. f4 c5 26. a3 b4 27. axb4 Nb7 28. Kf2 cxb4 29. Bxb4 a5 30. Ba3 Nd8 31. b4 axb4 32. Bxb4 Nc6 33. Bc5 Kd7 34. Nxf7 Ke6 35. Ng5+ Kd5 36. Be3 Ne7 37. e6 Nf5 38. g4 hxg3+ 39. hxg3 Kd6 40. g4 Nh6 41. Bc5+ Kxc5 42. e7 Nxg4+ 43. Kg3 Nf6 44. Nh7 Ne8 45. Kg4 Kd6 46. Kg5 Kxe7 47. Kxg6 Nd6 48. Ng5 Ne8 49. f5 Nd6 50. f6+ Kd7 51. Kg7 Ne8+ 52. Kg6 Nxf6 53. Kxf6 1/2-1/2

[Event "Winnipeg op"]
[Site "Winnipeg"]
[Date "2015.06.23"]
[Round "4"]
[White "Trueman, Francis"]
[Black "Korenbaum, Max"]
[Result "1-0"]
[WhiteElo "1476"]
[BlackElo "1350"]
[PlyCount "35"]
[EventDate "2015.06.02"]
[EventType "swiss"]
[EventRounds "9"]
[EventCountry "CAN"]
[SourceTitle "EXT 2019"]
[Source "ChessBase"]
[SourceDate "2018.10.10"]
[SourceVersion "1"]
[SourceVersionDate "2018.10.10"]
[SourceQuality "1"]

1. Nf3 Nc6 2. d3 e5 3. e4 Nf6 4. Nbd2 d5 5. g3 dxe4 6. dxe4 Be6 7. Bg2 g6 8. 0-0 Qd7 9. c3 Bh3 10. Qe2 Bxg2 11. Kxg2 Bg7 12. a4 a5 13. Nc4 Qe7 14. b3 b6 15. Ba3 Qe6 16. h3 Nd7 17. Rfd1 Rd8 18. Ra2 1-0

[Event "Winnipeg op"]
[Site "Winnipeg"]
[Date "2015.06.02"]
[Round "1"]
[White "Korenbaum, Max"]
[Black "Wolchock, Theo"]
[Result "0-1"]
[WhiteElo "1350"]
[BlackElo "1957"]
[PlyCount "44"]
[EventDate "2015.06.02"]
[EventType "swiss"]
[EventRounds "9"]
[EventCountry "CAN"]
[SourceTitle "EXT 2019"]
[Source "ChessBase"]
[SourceDate "2018.10.10"]
[SourceVersion "1"]
[SourceVersionDate "2018.10.10"]
[SourceQuality "1"]

1. e4 e5 2. Nf3 d6 3. d3 Nc6 4. g3 Be7 5. Bg2 Nf6 6. Nc3 0-0 7. 0-0 Bg4 8. Be3 Qd7 9. Ne2 d5 10. exd5 Nxd5 11. c4 Nxe3 12. fxe3 Rad8 13. Ne1 Bc5 14. Qd2 Qd6 15. Rd1 Qh6 16. Nc2 Nb4 17. Kh1 Rxd3 18. Qe1 Nxc2 19. Qa5 Bxe2 20. Rxd3 Bxd3 21. Rd1 Qxe3 22. Rxd3 Qg1# 0-1

[Event "Winnipeg TNT January op"]
[Site "Winnipeg"]
[Date "2015.06.01"]
[Round "3.4"]
[White "Jenkins, Mark"]
[Black "Korenbaum, Max"]
[Result "1/2-1/2"]
[WhiteElo "1415"]
[BlackElo "1334"]
[PlyCount "69"]
[EventDate "2015.06.01"]
[EventType "swiss"]
[EventRounds "4"]
[EventCountry "CAN"]
[SourceTitle "EXT 2022"]
[Source "ChessBase"]
[SourceDate "2021.10.06"]
[SourceVersion "1"]
[SourceVersionDate "2021.10.06"]
[SourceQuality "1"]

1. d4 Nf6 2. c4 g6 3. Nc3 d5 4. e3 c5 5. dxc5 e5 6. Nxd5 Nxd5 7. Qxd5 Qxd5 8. cxd5 Bxc5 9. Bd3 Nd7 10. b3 b6 11. Bb2 Bb7 12. e4 Rc8 13. Nf3 Bd6 14. 0-0 0-0 15. a4 Rcd8 16. Rfc1 Rfe8 17. a5 Ra8 18. axb6 axb6 19. Rxa8 Rxa8 20. Ra1 Rxa1+ 21. Bxa1 Nc5 22. Bxe5 Bxe5 23. Nxe5 Nxb3 24. Nd7 Nc5 25. Nxc5 bxc5 26. Bb5 Kf8 27. Kf1 f6 28. Ke2 Ke7 29. f4 Kd6 30. g4 Bc8 31. f5 g5 32. Bc4 Kc7 33. Kf3 Kd6 34. Kg3 h6 35. Kf3 1/2-1/2

[Event "Winnipeg TNT January op"]
[Site "Winnipeg"]
[Date "2015.06.??"]
[Round "2.4"]
[White "Korenbaum, Max"]
[Black "Remillard, John"]
[Result "0-1"]
[WhiteElo "1334"]
[BlackElo "1638"]
[PlyCount "72"]
[EventDate "2015.06.01"]
[EventType "swiss"]
[EventRounds "4"]
[EventCountry "CAN"]
[SourceTitle "EXT 2022"]
[Source "ChessBase"]
[SourceDate "2021.10.06"]
[SourceVersion "1"]
[SourceVersionDate "2021.10.06"]
[SourceQuality "1"]

1. e4 c5 2. Nf3 Nc6 3. d4 e6 4. Nc3 a6 5. a4 cxd4 6. Nxd4 Qb6 7. Nxc6 bxc6 8. Be3 Qxb2 9. Bd2 Qb7 10. Rb1 Qa7 11. Be3 Bc5 12. Bxc5 Qxc5 13. Qd3 Nf6 14. Be2 0-0 15. 0-0 d5 16. exd5 cxd5 17. Bf3 Nd7 18. Rfc1 Ne5 19. Qe3 Qxe3 20. fxe3 Bd7 21. Be2 Rfc8 22. Rb3 Nc4 23. Ra1 Nxe3 24. Bd3 h5 25. Kf2 Ng4+ 26. Kg3 Ne5 27. Kf4 Nxd3+ 28. cxd3 Rab8 29. Rab1 Rxb3 30. Rxb3 f6 31. Ke3 Rd8 32. d4 Rc8 33. Kd3 Rc4 34. Rb8+ Kh7 35. Rb7 Bxa4 36. Nxa4 Rxa4 0-1

[Event "Winnipeg March TNT"]
[Site "Winnipeg"]
[Date "2015.03.24"]
[Round "4.5"]
[White "Korenbaum, Max"]
[Black "Einarsson, Ken"]
[Result "0-1"]
[WhiteElo "1338"]
[BlackElo "1741"]
[PlyCount "72"]
[EventDate "2015.03.03"]
[EventType "swiss"]
[EventRounds "5"]
[EventCountry "CAN"]
[SourceTitle "EXT 2019"]
[Source "ChessBase"]
[SourceDate "2018.10.10"]
[SourceVersion "1"]
[SourceVersionDate "2018.10.10"]
[SourceQuality "1"]

1. e4 c6 2. Nf3 d5 3. exd5 cxd5 4. d4 Nf6 5. Bb5+ Bd7 6. Bxd7+ Nbxd7 7. 0-0 e6 8. Bg5 Rc8 9. Nc3 a6 10. a4 Qc7 11. Rc1 Bd6 12. g3 0-0 13. Qd3 Qb6 14. b3 Rc6 15. Ne2 Rfc8 16. Ne1 h6 17. Bf4 Ba3 18. Ra1 Bb4 19. Bd2 Ne4 20. Bxb4 Qxb4 21. Rd1 Ndf6 22. f3 Nc3 23. Nxc3 Rxc3 24. Qd2 Qd6 25. Kg2 e5 26. dxe5 Qxe5 27. Rf2 Re3 28. Nd3 Qd4 29. Re2 Rxe2+ 30. Qxe2 Qc3 31. Rc1 Re8 32. Qd1 d4 33. Kf2 Nd5 34. Kg1 Kf8 35. Kf2 Ne3 36. Kg1 Nxd1 0-1

[Event "Winnipeg TNT January op"]
[Site "Winnipeg"]
[Date "2014.01.21"]
[Round "3.4"]
[White "Leaden, Bruce"]
[Black "Korenbaum, Max"]
[Result "0-1"]
[WhiteElo "1600"]
[BlackElo "1285"]
[PlyCount "46"]
[EventDate "2014.01.07"]
[EventType "swiss"]
[EventRounds "4"]
[EventCountry "CAN"]
[SourceTitle "EXT 2022"]
[Source "ChessBase"]
[SourceDate "2021.10.06"]
[SourceVersion "1"]
[SourceVersionDate "2021.10.06"]
[SourceQuality "1"]

1. e4 e5 2. Nf3 Nc6 3. d4 exd4 4. Bc4 Nf6 5. e5 Ne4 6. 0-0 Bc5 7. Re1 d5 8. exd6 Bf5 9. Ng5 0-0 10. Nxe4 Bxe4 11. Rxe4 Qxd6 12. Bf4 Qg6 13. Bd3 f5 14. Re2 Qg4 15. Bxc7 f4 16. Qe1 f3 17. g3 Qh3 18. Qf1 Qxf1+ 19. Kxf1 fxe2+ 20. Bxe2 d3 21. cxd3 Bxf2 22. Bf4 Bd4 23. Kg2 Bxb2 0-1

[Event "Winnipeg TNT January op"]
[Site "Winnipeg"]
[Date "2014.01.07"]
[Round "1.4"]
[White "Korenbaum, Max"]
[Black "Atem, James"]
[Result "0-1"]
[WhiteElo "1285"]
[BlackElo "1952"]
[PlyCount "66"]
[EventDate "2014.01.07"]
[EventType "swiss"]
[EventRounds "4"]
[EventCountry "CAN"]
[SourceTitle "EXT 2022"]
[Source "ChessBase"]
[SourceDate "2021.10.06"]
[SourceVersion "1"]
[SourceVersionDate "2021.10.06"]
[SourceQuality "1"]

1. e4 c5 2. Nf3 d6 3. Bb5+ Bd7 4. Bxd7+ Nxd7 5. c4 e6 6. d3 Qb6 7. 0-0 Be7 8. Nc3 Ngf6 9. Qc2 a6 10. Bf4 e5 11. Bg5 h6 12. Bxf6 Nxf6 13. Na4 Qa5 14. Qb3 b5 15. cxb5 axb5 16. Nc3 Rb8 17. a3 0-0 18. Rfb1 Rfc8 19. a4 c4 20. dxc4 bxc4 21. Qc2 g6 22. g3 Rb3 23. Nd1 Rxf3 24. Qc1 Nxe4 25. Qxh6 Qe1+ 26. Kg2 Rxf2+ 27. Nxf2 Qxf2+ 28. Kh3 Ng5+ 29. Kh4 Qxh2+ 30. Kg4 Qxh6 31. Rh1 Qg7 32. a5 c3 33. bxc3 Rc4# 0-1

[Event "Winnipeg TNT October op"]
[Site "Winnipeg"]
[Date "2013.10.29"]
[Round "5.5"]
[White "Korenbaum, Max"]
[Black "Leaden, Bruce"]
[Result "0-1"]
[WhiteElo "1190"]
[BlackElo "1684"]
[PlyCount "46"]
[EventDate "2013.10.01"]
[EventType "swiss"]
[EventRounds "5"]
[EventCountry "CAN"]
[SourceTitle "EXT 2022"]
[Source "ChessBase"]
[SourceDate "2021.10.06"]
[SourceVersion "1"]
[SourceVersionDate "2021.10.06"]
[SourceQuality "1"]

1. e4 e6 2. Nf3 d5 3. Nc3 d4 4. Ne2 c5 5. d3 Nc6 6. Bf4 Bd6 7. Bxd6 Qxd6 8. Qd2 Nge7 9. 0-0-0 0-0 10. a3 a5 11. h4 b5 12. Kb1 a4 13. Rh3 b4 14. axb4 cxb4 15. Nc1 e5 16. Rg3 a3 17. Nb3 Be6 18. Qh6 Ng6 19. Qd2 Bxb3 20. cxb3 Na5 21. Qc2 Rfc8 22. Qe2 Nxb3 23. Nd2 a2# 0-1